<?xml version="1.0" encoding="UTF-8"?><?xml-stylesheet type="text/xsl" href="static/style.xsl"?><OAI-PMH xmlns="http://www.openarchives.org/OAI/2.0/" xmlns:xsi="http://www.w3.org/2001/XMLSchema-instance" xsi:schemaLocation="http://www.openarchives.org/OAI/2.0/ http://www.openarchives.org/OAI/2.0/OAI-PMH.xsd"><responseDate>2026-04-17T19:02:50Z</responseDate><request verb="GetRecord" identifier="oai:www.recercat.cat:2072/368581" metadataPrefix="marc">https://recercat.cat/oai/request</request><GetRecord><record><header><identifier>oai:recercat.cat:2072/368581</identifier><datestamp>2024-12-20T22:11:42Z</datestamp><setSpec>com_2072_300912</setSpec><setSpec>com_2072_4427</setSpec><setSpec>col_2072_301309</setSpec></header><metadata><record xmlns="http://www.loc.gov/MARC21/slim" xmlns:dcterms="http://purl.org/dc/terms/" xmlns:xsi="http://www.w3.org/2001/XMLSchema-instance" xmlns:doc="http://www.lyncode.com/xoai" xsi:schemaLocation="http://www.loc.gov/MARC21/slim http://www.loc.gov/standards/marcxml/schema/MARC21slim.xsd">
   <leader>00925njm 22002777a 4500</leader>
   <datafield ind2=" " ind1=" " tag="042">
      <subfield code="a">dc</subfield>
   </datafield>
   <datafield ind2=" " ind1=" " tag="720">
      <subfield code="a">Hennessey, Seán</subfield>
      <subfield code="e">author</subfield>
   </datafield>
   <datafield ind2=" " ind1=" " tag="720">
      <subfield code="a">Farràs, Pau</subfield>
      <subfield code="e">author</subfield>
   </datafield>
   <datafield ind2=" " ind1=" " tag="720">
      <subfield code="a">Benet-Buchholz, Jordi</subfield>
      <subfield code="e">author</subfield>
   </datafield>
   <datafield ind2=" " ind1=" " tag="720">
      <subfield code="a">Llobet, Antoni</subfield>
      <subfield code="e">author</subfield>
   </datafield>
   <datafield ind2=" " ind1=" " tag="260">
      <subfield code="c">2019-11-05</subfield>
   </datafield>
   <datafield ind2=" " ind1=" " tag="520">
      <subfield code="a">A diruthenium dyad molecule consisting of a 2,2-(1H-pyrazole-3,5-diyl)dipyridine (Hbpp) bridging ligand with the formula out-/in-[(bpy)2Ru(bpp)Ru(L)(tpy)]n+ (bpy = 2,2′-bipyridine, tpy = 2,2′:6′,2′′-terpyridine, L = Cl, CF3COO−, H2O or CH3CN and n = 2 or 3) has been prepared and fully characterised. The complex has been characterized by analytical and spectroscopic techniques and by X-ray diffraction analysis for two of the derivatives (Cl and CH3CN). Additionally, full electrochemical characterization based on cyclic voltammetry and square wave voltammetry has been also performed. The pH dependence of the redox couples for the aqua complex has also been studied and the corresponding Pourbaix diagram drawn. Furthermore, the capacity to photo-catalytically oxidize organic substrates, such as alcohols, alkenes, and sulfides, has been carried out and the overall stability and selectivity of the catalyst has been analysed.</subfield>
   </datafield>
   <datafield ind1="8" ind2=" " tag="024">
      <subfield code="a">http://hdl.handle.net/2072/368581</subfield>
   </datafield>
   <datafield ind1="8" ind2=" " tag="024">
      <subfield code="a">https://doi.org/10.1039/C9CY01796H</subfield>
   </datafield>
   <datafield ind2="0" ind1="0" tag="245">
      <subfield code="a">A bpp-based dinuclear ruthenium photocatalyst for visible light-driven oxidation reactions</subfield>
   </datafield>
</record></metadata></record></GetRecord></OAI-PMH>